LIBRARY & INFORMATION CENTRE, KCAET, TAVANUR

ONLINE PUBLIC ACCESS CATALOGUE (OPAC)

Technology and chemistry of alkaloids / (Record no. 9547)

MARC details
000 -LEADER
fixed length control field 00460cam a2200181ua 4500
041 ## - LANGUAGE CODE
Language code of text/sound track or separate title eng
082 ## - DEWEY DECIMAL CLASSIFICATION NUMBER
Classification number 547.72
Item number HAM/TE
100 ## - MAIN ENTRY--AUTHOR NAME
Personal name Hamerslag, Frank E .
245 ## - TITLE STATEMENT
Title Technology and chemistry of alkaloids /
250 ## - EDITION STATEMENT
Edition statement 1 /
260 ## - PUBLICATION, DISTRIBUTION, ETC. (IMPRINT)
Place of publication New Jersy :
Name of publisher D.Van Nostrand Co. ,
Year of publication 1950.
300 ## - PHYSICAL DESCRIPTION
Number of Pages 319 ; .
942 ## - ADDED ENTRY ELEMENTS (KOHA)
Koha item type Books
Holdings
Withdrawn status Lost status Damaged status Home library Current library Date acquired Full call number Accession Number Koha item type
Withdrawn     KAUAET KAUAET 07/04/2012 547.72 10662 Books
free website counter